[Event "SEMI B026 email"]
[Site "SEMI email"]
[Date "2002.01.15"]
[Round "?"]
[White "Clifford, Roby"]
[Black "Strazzeri, Roberto"]
[Result "1-0"]
[WhiteElo "1479"]
[BlackElo "1486"]
[PlyCount "41"]
[EventDate "2002.01.15"]
[EventType "tourn (corr)"]
[EventRounds "6"]
[EventCountry "ITA"]
[SourceTitle "Telechess CBM 097"]
[Source "ChessBase"]
[SourceDate "2003.11.11"]
[SourceVersion "1"]
[SourceVersionDate "2003.11.11"]
[SourceQuality "1"]

1. d3 d5 2. g3 e6 3. Bg2 c6 4. c3 Bd6 5. Nf3 e5 6. e4 Nf6 7. Nbd2 0-0 8. 0-0 Qc7 9. Qc2 Bg4 10. Re1 Re8 11. Nf1 h6 12. Ne3 Be6 13. Bd2 Nbd7 14. Nh4 Bf8 15. Rad1 Rad8 16. Bf1 dxe4 17. d4 exd4 18. cxd4 Nb6 19. Ba5 Qd7 20. Nhg2 Bd6 21. Nc4 1-0